<?xml version="1.0" encoding="UTF-8"?>
<collection xmlns="http://www.loc.gov/MARC21/slim">
 <record>
  <leader>01418nam a2200325   4500</leader>
  <controlfield tag="001">DLU180188976</controlfield>
  <controlfield tag="005">##20181207</controlfield>
  <datafield tag="020" ind1="#" ind2="#">
   <subfield code="a">9786045870488</subfield>
  </datafield>
  <datafield tag="040" ind1="#" ind2="#">
   <subfield code="a">DLU</subfield>
   <subfield code="b">vie</subfield>
  </datafield>
  <datafield tag="041" ind1="#" ind2="#">
   <subfield code="a">viekor</subfield>
  </datafield>
  <datafield tag="044" ind1="#" ind2="#">
   <subfield code="a">vn</subfield>
  </datafield>
  <datafield tag="082" ind1="#" ind2="#">
   <subfield code="a">495.783</subfield>
   <subfield code="b">CH-K</subfield>
  </datafield>
  <datafield tag="100" ind1="#" ind2="#">
   <subfield code="a">Chimnarong, Khrongkhwan.</subfield>
  </datafield>
  <datafield tag="245" ind1="#" ind2="#">
   <subfield code="a">Nói tiếng Hàn cấp tốc =</subfield>
   <subfield code="b">Quick Korean /</subfield>
   <subfield code="c">Khrongkhwan Chimnarong.</subfield>
  </datafield>
  <datafield tag="246" ind1="#" ind2="#">
   <subfield code="a">Quick Korean </subfield>
  </datafield>
  <datafield tag="260" ind1="#" ind2="#">
   <subfield code="a">Tp. Hồ Chí Minh :</subfield>
   <subfield code="b">Tổng hợp,</subfield>
   <subfield code="c">2018.</subfield>
  </datafield>
  <datafield tag="300" ind1="#" ind2="#">
   <subfield code="a">492 tr. :</subfield>
   <subfield code="b">minh họa;</subfield>
   <subfield code="c">17 cm.</subfield>
  </datafield>
  <datafield tag="505" ind1="#" ind2="#">
   <subfield code="a">Bài 1. Chào hỏi -- Bài 2. Giới thiệu bản thân -- Bài 3. Chào tạm biệt -- Bài 4. Cảm ơn -- Bài 5. Xin lỗi -- Bài 6. Chia sẻ ý kiến -- Bài 7. Ngày và giờ -- Bài 8. Gọi điện thoại -- Bài 9. Cuộc hẹn -- Bài 10. Phàn nàn và khen -- Bài 11. Chuyện tình yêu -- Bài 12. Mệnh lệnh -- Bài 13. Cầu chúc -- Bài 14. Chúc mừng -- Bài 15. An ủi -- Bài 16. Sở thích -- Bài 17. Ẩm thực -- Bài 18. Gọi món ăn -- Bài 19. Gọi cà phê -- Bài 20. Mua sắm -- Bài 21. Hỏi đường -- Bài 22. Bệnh tật.</subfield>
  </datafield>
  <datafield tag="650" ind1="#" ind2="#">
   <subfield code="a">Tiếng Hàn Quốc</subfield>
   <subfield code="x">Sách thành ngữ và đàm thoại.</subfield>
  </datafield>
  <datafield tag="923" ind1="#" ind2="#">
   <subfield code="a">05/2018</subfield>
  </datafield>
  <datafield tag="991" ind1="#" ind2="#">
   <subfield code="a">SH</subfield>
  </datafield>
  <datafield tag="992" ind1="#" ind2="#">
   <subfield code="a">198000</subfield>
  </datafield>
  <datafield tag="994" ind1="#" ind2="#">
   <subfield code="a">DLU</subfield>
  </datafield>
  <datafield tag="900" ind1="#" ind2="#">
   <subfield code="a">True</subfield>
  </datafield>
  <datafield tag="911" ind1="#" ind2="#">
   <subfield code="a">Nguyễn Thanh Hương</subfield>
  </datafield>
  <datafield tag="925" ind1="#" ind2="#">
   <subfield code="a">G</subfield>
  </datafield>
  <datafield tag="926" ind1="#" ind2="#">
   <subfield code="a">A</subfield>
  </datafield>
  <datafield tag="927" ind1="#" ind2="#">
   <subfield code="a">SH</subfield>
  </datafield>
  <datafield tag="980" ind1="#" ind2="#">
   <subfield code="a">Thư viện Trường Đại học Đà Lạt</subfield>
  </datafield>
 </record>
</collection>
